000 00302nam a2200121Ia 4500
008 151001s9999||||xx |||||||||||||| ||und||
100 _aराम जोगळेकर
245 _aचित्र - चरित्र
260 _bसुरज
260 _c1995
300 _a84
365 _b21
999 _c971277
_d971274